000 00412nam a22001697a 4500
003 MPLRDC
005 20220104113901.0
008 210129b ||||| |||| 00| 0 eng d
020 _a962-447-464-8
082 _a848.3 LFY-6 v.11
100 _a梁凤仪著
245 _a一本万利锦囊
_c
260 _a
_b勤加缘出版社
_c1995
300 _b
650 _a现代别集
942 _cBK
_o848.3 LFY-6 v.11
999 _c3114
_d3104